[Event "DEM U12 2024"]
[Site "Willingen GER"]
[Date "2024.05.21"]
[Round "4"]
[White "Tarasenko, Nazar"]
[Black "Peglau, Paul David"]
[Result "1-0"]
[Termination "normal"]
[Board "2"]
[WhiteElo "2062"]
[BlackElo "1807"]
[WhiteClock "00:39:32"]
[BlackClock "00:00:38"]
[PlyCount "62"]
[WhiteFideId "34161430"]
[BlackFideId "16290550"]
[EventCountry "GER"]
[EventRounds "9"]
[EventType "swiss"]
[EventDate "2024.05.18"]

1. d4 {[%clk 01:30:58]} {[%emt 00:00:02]} d5 {[%clk 01:30:51]} {[%emt
00:00:09]} 2. c4 {[%clk 01:31:25]} {[%emt 00:00:03]} e6 {[%clk 01:31:15]}
{[%emt 00:00:06]} 3. Nc3 {[%clk 01:31:46]} {[%emt 00:00:10]} Nf6 {[%clk
01:31:39]} {[%emt 00:00:05]} 4. cxd5 {[%clk 01:32:11]} {[%emt 00:00:05]} Nxd5
{[%clk 01:31:53]} {[%emt 00:00:16]} 5. e4 {[%clk 01:32:07]} {[%emt 00:00:34]}
Nxc3 {[%clk 01:32:08]} {[%emt 00:00:16]} 6. bxc3 {[%clk 01:30:00]} {[%emt
00:02:36]} c5 {[%clk 01:32:14]} {[%emt 00:00:24]} 7. Nf3 {[%clk 01:25:06]}
{[%emt 00:05:23]} cxd4 {[%clk 01:31:22]} {[%emt 00:01:23]} 8. cxd4 {[%clk
01:25:32]} {[%emt 00:00:04]} Bb4+ {[%clk 01:31:28]} {[%emt 00:00:24]} 9. Bd2
{[%clk 01:25:54]} {[%emt 00:00:07]} Bxd2+ {[%clk 01:31:52]} {[%emt 00:00:06]}
10. Qxd2 {[%clk 01:26:15]} {[%emt 00:00:10]} O-O {[%clk 01:32:03]} {[%emt
00:00:19]} 11. Be2 {[%clk 01:24:59]} {[%emt 00:01:45]} b6 {[%clk 01:29:30]}
{[%emt 00:03:04]} 12. O-O {[%clk 01:21:19]} {[%emt 00:04:09]} Bb7 {[%clk
01:26:32]} {[%emt 00:03:29]} 13. Qe3 {[%clk 01:20:58]} {[%emt 00:00:50]} Nd7
{[%clk 01:25:22]} {[%emt 00:01:41]} 14. Rad1 {[%clk 01:19:57]} {[%emt
00:01:31]} Rc8 {[%clk 01:23:10]} {[%emt 00:02:41]} 15. Bd3 {[%clk 01:19:56]}
{[%emt 00:00:31]} Re8 {[%clk 01:17:27]} {[%emt 00:06:14]} 16. Rfe1 {[%clk
01:17:01]} {[%emt 00:03:25]} Nf8 {[%clk 01:14:00]} {[%emt 00:03:56]} 17. h4
{[%clk 01:13:56]} {[%emt 00:03:32]} h5 {[%clk 00:53:41]} {[%emt 00:20:53]} 18.
Ng5 {[%clk 01:04:52]} {[%emt 00:09:34]} Re7 {[%clk 00:36:02]} {[%emt 00:18:08]}
19. Be2 {[%clk 00:59:16]} {[%emt 00:06:07]} g6 {[%clk 00:35:02]} {[%emt
00:01:30]} 20. e5 {[%clk 00:58:59]} {[%emt 00:00:47]} Rc2 {[%clk 00:30:50]}
{[%emt 00:04:41]} 21. Qf4 {[%clk 00:56:49]} {[%emt 00:02:40]} Nh7 {[%clk
00:21:41]} {[%emt 00:09:39]} 22. Bd3 {[%clk 00:49:03]} {[%emt 00:08:17]} Rb2
{[%clk 00:17:41]} {[%emt 00:04:27]} 23. Nh3 {[%clk 00:43:08]} {[%emt 00:06:28]}
Rd7 {[%clk 00:14:45]} {[%emt 00:03:25]} 24. Qh6 {[%clk 00:40:09]} {[%emt
00:03:29]} Qxh4 {[%clk 00:09:49]} {[%emt 00:05:27]} 25. d5 {[%clk 00:39:35]}
{[%emt 00:01:05]} Bxd5 {[%clk 00:06:06]} {[%emt 00:04:12]} 26. Rc1 {[%clk
00:39:33]} {[%emt 00:00:32]} Bb7 {[%clk 00:05:21]} {[%emt 00:01:15]} 27. Be4
{[%clk 00:39:48]} {[%emt 00:00:15]} Bxe4 {[%clk 00:04:42]} {[%emt 00:01:09]}
28. Rxe4 {[%clk 00:39:27]} {[%emt 00:00:51]} Qe7 {[%clk 00:02:54]} {[%emt
00:02:17]} 29. Rec4 {[%clk 00:39:20]} {[%emt 00:00:37]} Rbd2 {[%clk 00:00:54]}
{[%emt 00:02:31]} 30. Rc8+ {[%clk 00:39:37]} {[%emt 00:00:13]} Nf8 {[%clk
00:01:15]} {[%emt 00:00:09]} 31. Ng5 {[%clk 00:39:32]} {[%emt 00:00:34]} Rd8
{[%clk 00:00:38]} {[%emt 00:01:08]} 1-0

[Event "DEM U12 2024"]
[Site "Willingen GER"]
[Date "2024.05.21"]
[Round "4"]
[White "Shevchenko, Igor"]
[Black "Sheng, Ming"]
[Result "1/2-1/2"]
[Termination "normal"]
[Board "3"]
[WhiteElo "1760"]
[BlackElo "2031"]
[WhiteClock "00:08:56"]
[BlackClock "00:34:51"]
[PlyCount "103"]
[WhiteFideId "34634924"]
[BlackFideId "34605258"]
[EventCountry "GER"]
[EventRounds "9"]
[EventType "swiss"]
[EventDate "2024.05.18"]

1. d4 {[%clk 01:30:08]} {[%emt 00:00:51]} Nf6 {[%clk 01:30:51]} {[%emt
00:00:10]} 2. c4 {[%clk 01:29:42]} {[%emt 00:00:55]} e6 {[%clk 01:31:18]}
{[%emt 00:00:04]} 3. Nc3 {[%clk 01:28:54]} {[%emt 00:01:18]} Bb4 {[%clk
01:31:17]} {[%emt 00:00:32]} 4. e3 {[%clk 01:27:59]} {[%emt 00:01:25]} O-O
{[%clk 01:30:48]} {[%emt 00:00:59]} 5. Bd3 {[%clk 01:23:11]} {[%emt 00:05:18]}
Bxc3+ {[%clk 01:29:34]} {[%emt 00:01:44]} 6. bxc3 {[%clk 01:23:03]} {[%emt
00:00:38]} d6 {[%clk 01:29:17]} {[%emt 00:00:46]} 7. e4 {[%clk 01:12:58]}
{[%emt 00:10:35]} e5 {[%clk 01:28:44]} {[%emt 00:01:02]} 8. Ne2 {[%clk
01:02:10]} {[%emt 00:11:18]} c5 {[%clk 01:22:09]} {[%emt 00:07:06]} 9. O-O
{[%clk 00:54:55]} {[%emt 00:07:45]} Re8 {[%clk 01:21:07]} {[%emt 00:01:30]} 10.
f3 {[%clk 00:51:55]} {[%emt 00:03:32]} Nc6 {[%clk 01:21:01]} {[%emt 00:00:36]}
11. Be3 {[%clk 00:50:36]} {[%emt 00:01:45]} b6 {[%clk 01:21:04]} {[%emt
00:00:30]} 12. d5 {[%clk 00:48:02]} {[%emt 00:03:04]} Na5 {[%clk 01:19:46]}
{[%emt 00:01:49]} 13. Nc1 {[%clk 00:47:50]} {[%emt 00:00:42]} Ba6 {[%clk
01:17:50]} {[%emt 00:02:25]} 14. Qe2 {[%clk 00:48:14]} {[%emt 00:00:06]} Qd7
{[%clk 01:16:42]} {[%emt 00:01:38]} 15. Nb3 {[%clk 00:48:34]} {[%emt 00:00:11]}
Qa4 {[%clk 01:14:39]} {[%emt 00:02:32]} 16. Nxa5 {[%clk 00:48:35]} {[%emt
00:00:29]} bxa5 {[%clk 01:14:11]} {[%emt 00:00:59]} 17. Rab1 {[%clk 00:47:49]}
{[%emt 00:01:15]} Nd7 {[%clk 01:10:22]} {[%emt 00:04:18]} 18. Rb5 {[%clk
00:34:11]} {[%emt 00:14:10]} Bxb5 {[%clk 01:08:48]} {[%emt 00:02:04]} 19. cxb5
{[%clk 00:34:24]} {[%emt 00:00:17]} Nb6 {[%clk 01:07:28]} {[%emt 00:01:50]} 20.
c4 {[%clk 00:33:27]} {[%emt 00:01:27]} a6 {[%clk 01:03:45]} {[%emt 00:04:13]}
21. Rb1 {[%clk 00:29:15]} {[%emt 00:04:42]} axb5 {[%clk 01:01:36]} {[%emt
00:02:40]} 22. cxb5 {[%clk 00:28:20]} {[%emt 00:01:24]} Rab8 {[%clk 00:59:49]}
{[%emt 00:02:16]} 23. Bc1 {[%clk 00:23:17]} {[%emt 00:05:33]} c4 {[%clk
00:53:17]} {[%emt 00:07:03]} 24. Bc2 {[%clk 00:20:57]} {[%emt 00:02:49]} Qxa2
{[%clk 00:53:06]} {[%emt 00:00:42]} 25. Rb2 {[%clk 00:19:07]} {[%emt 00:02:20]}
Qa3 {[%clk 00:53:01]} {[%emt 00:00:34]} 26. Rb1 {[%clk 00:18:39]} {[%emt
00:00:59]} Qc5+ {[%clk 00:52:32]} {[%emt 00:00:58]} 27. Be3 {[%clk 00:19:08]}
{[%emt 00:00:02]} Qc7 {[%clk 00:53:00]} {[%emt 00:00:02]} 28. Ra1 {[%clk
00:18:58]} {[%emt 00:00:41]} Nd7 {[%clk 00:51:42]} {[%emt 00:01:47]} 29. Ba4
{[%clk 00:19:17]} {[%emt 00:00:11]} Rec8 {[%clk 00:51:36]} {[%emt 00:00:36]}
30. b6 {[%clk 00:19:03]} {[%emt 00:00:45]} Nxb6 {[%clk 00:49:53]} {[%emt
00:02:12]} 31. Bc6 {[%clk 00:19:28]} {[%emt 00:00:05]} Qd8 {[%clk 00:41:48]}
{[%emt 00:08:34]} 32. Qd2 {[%clk 00:17:54]} {[%emt 00:02:03]} a4 {[%clk
00:39:46]} {[%emt 00:02:35]} 33. Qa5 {[%clk 00:13:32]} {[%emt 00:04:50]} h6
{[%clk 00:35:47]} {[%emt 00:04:31]} 34. Kf2 {[%clk 00:12:10]} {[%emt 00:01:51]}
Qc7 {[%clk 00:34:51]} {[%emt 00:01:26]} 35. Qa6 Kh8 36. g4 Kg8 37. h4 Nd7 38.
Qxa4 Rb2+ 39. Kg3 Nb6 40. Qa6 Rb3 41. Ra3 Rb8 42. Bc1 Rb1 43. Bd2 Qd8 44. Ra1
Nc8 45. Rxb1 Rxb1 46. Ba5 Nb6 47. Bxb6 Qxb6 48. Qc8+ Kh7 49. Qf5+ Kh8 50. Qc8+
Kh7 51. Qf5+ Kg8 52. Qc8+ 1/2-1/2

[Event "DEM U12 2024"]
[Site "Willingen GER"]
[Date "2024.05.21"]
[Round "4"]
[White "Zhang, Yibo"]
[Black "Vartanian, Roman"]
[Result "1/2-1/2"]
[Termination "normal"]
[Board "4"]
[WhiteElo "1990"]
[BlackElo "1799"]
[WhiteClock "00:17:00"]
[BlackClock "00:19:58"]
[PlyCount "86"]
[WhiteFideId "16287657"]
[BlackFideId "34140107"]
[EventCountry "GER"]
[EventRounds "9"]
[EventType "swiss"]
[EventDate "2024.05.18"]

1. e4 {[%clk 01:30:50]} {[%emt 00:00:10]} c5 {[%clk 01:30:56]} {[%emt
00:00:04]} 2. Nf3 {[%clk 01:30:40]} {[%emt 00:00:40]} d6 {[%clk 01:31:22]}
{[%emt 00:00:05]} 3. d4 {[%clk 01:30:38]} {[%emt 00:00:31]} cxd4 {[%clk
01:31:48]} {[%emt 00:00:05]} 4. Nxd4 {[%clk 01:30:45]} {[%emt 00:00:23]} Nf6
{[%clk 01:32:13]} {[%emt 00:00:04]} 5. Nc3 {[%clk 01:30:46]} {[%emt 00:00:28]}
a6 {[%clk 01:32:40]} {[%emt 00:00:04]} 6. Be2 {[%clk 01:30:45]} {[%emt
00:00:31]} e5 {[%clk 01:31:36]} {[%emt 00:01:34]} 7. Nb3 {[%clk 01:30:50]}
{[%emt 00:00:25]} Be6 {[%clk 01:32:01]} {[%emt 00:00:05]} 8. O-O {[%clk
01:29:55]} {[%emt 00:01:24]} Be7 {[%clk 01:32:14]} {[%emt 00:00:18]} 9. f4
{[%clk 01:28:53]} {[%emt 00:01:32]} b5 {[%clk 01:32:27]} {[%emt 00:00:16]} 10.
f5 {[%clk 01:05:10]} {[%emt 00:24:14]} Bc8 {[%clk 01:32:41]} {[%emt 00:00:14]}
11. Bf3 {[%clk 01:00:51]} {[%emt 00:04:51]} Bb7 {[%clk 01:26:49]} {[%emt
00:06:21]} 12. Qe1 {[%clk 00:57:06]} {[%emt 00:04:16]} Nbd7 {[%clk 01:05:32]}
{[%emt 00:21:47]} 13. Be3 {[%clk 00:48:33]} {[%emt 00:09:04]} Qc7 {[%clk
01:04:55]} {[%emt 00:01:06]} 14. Rc1 {[%clk 00:43:13]} {[%emt 00:05:50]} Nc5
{[%clk 00:58:56]} {[%emt 00:06:29]} 15. Qg3 {[%clk 00:35:54]} {[%emt 00:07:49]}
Ncxe4 {[%clk 00:40:43]} {[%emt 00:18:44]} 16. Bxe4 {[%clk 00:35:21]} {[%emt
00:01:02]} Bxe4 {[%clk 00:36:15]} {[%emt 00:04:57]} 17. Nxe4 {[%clk 00:34:32]}
{[%emt 00:01:20]} Nxe4 {[%clk 00:36:35]} {[%emt 00:00:10]} 18. Qxg7 {[%clk
00:33:45]} {[%emt 00:01:17]} Bf6 {[%clk 00:35:34]} {[%emt 00:01:31]} 19. Qg4
{[%clk 00:33:45]} {[%emt 00:00:30]} d5 {[%clk 00:35:32]} {[%emt 00:00:32]} 20.
Rfd1 {[%clk 00:29:34]} {[%emt 00:04:42]} Rd8 {[%clk 00:34:47]} {[%emt
00:01:14]} 21. Nd2 {[%clk 00:28:10]} {[%emt 00:01:54]} Nxd2 {[%clk 00:32:36]}
{[%emt 00:02:41]} 22. Bxd2 {[%clk 00:26:29]} {[%emt 00:02:11]} Qc4 {[%clk
00:32:18]} {[%emt 00:00:49]} 23. Qf3 {[%clk 00:26:06]} {[%emt 00:00:52]} Rg8
{[%clk 00:31:24]} {[%emt 00:01:24]} 24. b3 {[%clk 00:21:55]} {[%emt 00:04:41]}
Qg4 {[%clk 00:30:11]} {[%emt 00:01:42]} 25. Qxg4 {[%clk 00:20:20]} {[%emt
00:02:06]} Rxg4 {[%clk 00:30:35]} {[%emt 00:00:05]} 26. h3 {[%clk 00:20:12]}
{[%emt 00:00:39]} Rg3 {[%clk 00:28:51]} {[%emt 00:02:13]} 27. Kh2 {[%clk
00:17:44]} {[%emt 00:02:59]} Rg8 {[%clk 00:28:25]} {[%emt 00:00:55]} 28. Ba5
{[%clk 00:16:19]} {[%emt 00:01:56]} Rd7 {[%clk 00:24:29]} {[%emt 00:04:26]} 29.
c4 {[%clk 00:16:28]} {[%emt 00:00:21]} Bg5 {[%clk 00:22:41]} {[%emt 00:02:18]}
30. Rc2 {[%clk 00:16:24]} {[%emt 00:00:34]} Bf4+ {[%clk 00:22:25]} {[%emt
00:00:45]} 31. Kh1 {[%clk 00:16:19]} {[%emt 00:00:36]} dxc4 {[%clk 00:20:53]}
{[%emt 00:02:03]} 32. Rxd7 {[%clk 00:16:31]} {[%emt 00:00:17]} Kxd7 {[%clk
00:21:18]} {[%emt 00:00:06]} 33. bxc4 {[%clk 00:16:57]} {[%emt 00:00:04]} Rc8
{[%clk 00:19:58]} {[%emt 00:01:49]} 34. c5 Be3 35. Bb4 Bd4 36. g4 Kc6 37. h4
Kd5 38. Kg2 Rc7 39. g5 Ke4 40. c6 Kd5 41. Kf3 e4+ 42. Kf4 Be5+ 43. Ke3 Bd4+
1/2-1/2

[Event "DEM U12 2024"]
[Site "Willingen GER"]
[Date "2024.05.21"]
[Round "4"]
[White "Marynychenko, Yehor"]
[Black "Fadeev, Justin Michael"]
[Result "1/2-1/2"]
[Termination "normal"]
[Board "6"]
[WhiteElo "1898"]
[BlackElo "1762"]
[WhiteClock "00:22:26"]
[BlackClock "00:14:25"]
[PlyCount "137"]
[WhiteFideId "34160558"]
[BlackFideId "34602968"]
[EventCountry "GER"]
[EventRounds "9"]
[EventType "swiss"]
[EventDate "2024.05.18"]

1. e4 {[%clk 01:30:57]} {[%emt 00:00:02]} e5 {[%clk 01:30:53]} {[%emt
00:00:07]} 2. Nc3 {[%clk 01:31:16]} {[%emt 00:00:11]} Nf6 {[%clk 01:31:19]}
{[%emt 00:00:04]} 3. f4 {[%clk 01:31:43]} {[%emt 00:00:04]} d5 {[%clk
01:31:43]} {[%emt 00:00:06]} 4. fxe5 {[%clk 01:32:05]} {[%emt 00:00:08]} Nxe4
{[%clk 01:32:09]} {[%emt 00:00:04]} 5. Nf3 {[%clk 01:32:31]} {[%emt 00:00:04]}
Bc5 {[%clk 01:32:34]} {[%emt 00:00:05]} 6. d4 {[%clk 01:32:57]} {[%emt
00:00:04]} Bb4 {[%clk 01:33:00]} {[%emt 00:00:04]} 7. Bd2 {[%clk 01:33:22]}
{[%emt 00:00:04]} c5 {[%clk 01:33:23]} {[%emt 00:00:07]} 8. Bd3 {[%clk
01:27:31]} {[%emt 00:06:22]} Nxd2 {[%clk 01:31:15]} {[%emt 00:02:38]} 9. Qxd2
{[%clk 01:27:39]} {[%emt 00:00:22]} cxd4 {[%clk 01:30:57]} {[%emt 00:00:48]}
10. Nxd4 {[%clk 01:27:41]} {[%emt 00:00:27]} Nc6 {[%clk 01:30:49]} {[%emt
00:00:38]} 11. Nxc6 {[%clk 01:26:21]} {[%emt 00:01:50]} bxc6 {[%clk 01:31:12]}
{[%emt 00:00:08]} 12. O-O {[%clk 01:25:38]} {[%emt 00:01:12]} O-O {[%clk
01:26:10]} {[%emt 00:05:32]} 13. Qf4 {[%clk 01:23:42]} {[%emt 00:02:26]} Rb8
{[%clk 01:17:51]} {[%emt 00:08:50]} 14. Kh1 {[%clk 01:19:18]} {[%emt 00:04:53]}
Be7 {[%clk 01:11:50]} {[%emt 00:06:32]} 15. a3 {[%clk 00:54:47]} {[%emt
00:25:00]} Rxb2 {[%clk 00:57:36]} {[%emt 00:14:44]} 16. Qa4 {[%clk 00:52:48]}
{[%emt 00:02:29]} Qc7 {[%clk 00:48:49]} {[%emt 00:09:17]} 17. Rae1 {[%clk
00:49:07]} {[%emt 00:04:10]} Be6 {[%clk 00:41:46]} {[%emt 00:07:33]} 18. Nd1
{[%clk 00:37:00]} {[%emt 00:12:38]} Rb1 {[%clk 00:29:37]} {[%emt 00:12:38]} 19.
c4 {[%clk 00:26:33]} {[%emt 00:10:58]} Ra1 {[%clk 00:27:42]} {[%emt 00:02:25]}
20. Qc2 {[%clk 00:26:24]} {[%emt 00:00:38]} g6 {[%clk 00:24:15]} {[%emt
00:03:58]} 21. cxd5 {[%clk 00:26:35]} {[%emt 00:00:19]} Bxd5 {[%clk 00:24:10]}
{[%emt 00:00:36]} 22. Nc3 {[%clk 00:24:34]} {[%emt 00:02:31]} Rxe1 {[%clk
00:23:52]} {[%emt 00:00:48]} 23. Rxe1 {[%clk 00:24:59]} {[%emt 00:00:04]} Qd7
{[%clk 00:19:54]} {[%emt 00:04:28]} 24. Nxd5 {[%clk 00:23:19]} {[%emt
00:02:10]} cxd5 {[%clk 00:15:13]} {[%emt 00:05:11]} 25. e6 {[%clk 00:23:20]}
{[%emt 00:00:30]} Qd6 {[%clk 00:14:56]} {[%emt 00:00:47]} 26. exf7+ {[%clk
00:23:30]} {[%emt 00:00:19]} Rxf7 {[%clk 00:15:11]} {[%emt 00:00:15]} 27. Qb3
{[%clk 00:22:26]} {[%emt 00:01:34]} Kg7 {[%clk 00:14:25]} {[%emt 00:01:16]} 28.
Bf1 Qe5 29. Qd1 Qf4 30. g3 Qf6 31. Bg2 d4 32. Bd5 Rf8 33. Re6 Qg5 34. Qxd4+ Bf6
35. Qxa7+ Rf7 36. Qxf7+ Kxf7 37. Re5+ Kg7 38. Rxg5 Bxg5 39. a4 Bd2 40. Kg2 Kf6
41. Kf3 Kf5 42. Ke2 Ba5 43. Bf3 g5 44. Kd3 h6 45. g4+ Kf4 46. Bd1 h5 47. gxh5
Kf5 48. h3 Kf6 49. Kc4 Kg7 50. Kb5 Bd2 51. a5 Bxa5 52. Kxa5 Kh8 53. Bc2 Kg7 54.
Kb5 Kh8 55. Kc6 Kg7 56. Kd5 Kh8 57. Bg6 Kg7 58. Ke5 Kh8 59. Kf5 Kg8 60. Bf7+
Kh8 61. Bg6 Kg8 62. h6 Kh8 63. Kxg5 Kg8 64. Kf6 Kh8 65. Bf7 Kh7 66. Be6 Kh8 67.
h4 Kh7 68. Bd5 Kh8 69. Bg8 1/2-1/2

[Event "DEM U12 2024"]
[Site "Willingen GER"]
[Date "2024.05.21"]
[Round "4"]
[White "Sasikumar Anitha, Sarvesh"]
[Black "Fischermann, Simon"]
[Result "0-1"]
[Termination "normal"]
[Board "16"]
[WhiteElo "1704"]
[BlackElo "1791"]
[WhiteClock "00:12:07"]
[BlackClock "00:26:21"]
[PlyCount "97"]
[WhiteFideId "34609245"]
[BlackFideId "34620869"]
[EventCountry "GER"]
[EventRounds "9"]
[EventType "swiss"]
[EventDate "2024.05.18"]

1. e4 {[%clk 01:30:49]} {[%emt 00:00:08]} e5 {[%clk 01:30:58]} {[%emt
00:00:04]} 2. Nf3 {[%clk 01:30:32]} {[%emt 00:00:46]} Nc6 {[%clk 01:31:25]}
{[%emt 00:00:03]} 3. Bb5 {[%clk 01:30:36]} {[%emt 00:00:28]} a6 {[%clk
01:31:52]} {[%emt 00:00:03]} 4. Ba4 {[%clk 01:30:52]} {[%emt 00:00:13]} Nf6
{[%clk 01:32:12]} {[%emt 00:00:10]} 5. d3 {[%clk 01:29:49]} {[%emt 00:01:33]}
b5 {[%clk 01:30:10]} {[%emt 00:02:31]} 6. Bb3 {[%clk 01:30:08]} {[%emt
00:00:12]} Be7 {[%clk 01:29:55]} {[%emt 00:00:44]} 7. O-O {[%clk 01:29:40]}
{[%emt 00:00:57]} d6 {[%clk 01:30:06]} {[%emt 00:00:21]} 8. h3 {[%clk
01:28:52]} {[%emt 00:01:17]} O-O {[%clk 01:29:53]} {[%emt 00:00:43]} 9. a4
{[%clk 01:25:25]} {[%emt 00:03:57]} Na5 {[%clk 01:28:32]} {[%emt 00:01:52]} 10.
Ba2 {[%clk 01:20:05]} {[%emt 00:05:50]} c5 {[%clk 01:27:30]} {[%emt 00:01:32]}
11. c3 {[%clk 01:18:22]} {[%emt 00:02:13]} Bb7 {[%clk 01:27:13]} {[%emt
00:00:48]} 12. Re1 {[%clk 01:11:13]} {[%emt 00:07:38]} Re8 {[%clk 01:23:00]}
{[%emt 00:04:43]} 13. Nbd2 {[%clk 01:08:39]} {[%emt 00:03:03]} h6 {[%clk
01:22:44]} {[%emt 00:00:47]} 14. Nf1 {[%clk 01:07:00]} {[%emt 00:02:08]} c4
{[%clk 01:21:53]} {[%emt 00:01:22]} 15. Ng3 {[%clk 01:01:03]} {[%emt 00:06:26]}
cxd3 {[%clk 01:20:59]} {[%emt 00:01:26]} 16. Qxd3 {[%clk 00:50:42]} {[%emt
00:10:50]} bxa4 {[%clk 01:20:54]} {[%emt 00:00:35]} 17. Be3 {[%clk 00:46:23]}
{[%emt 00:04:48]} Nb3 {[%clk 01:20:09]} {[%emt 00:01:16]} 18. Rad1 {[%clk
00:44:30]} {[%emt 00:02:22]} Qa5 {[%clk 01:16:54]} {[%emt 00:03:47]} 19. Nd2
{[%clk 00:29:57]} {[%emt 00:15:02]} d5 {[%clk 01:11:47]} {[%emt 00:05:37]} 20.
Nxb3 {[%clk 00:28:00]} {[%emt 00:02:27]} axb3 {[%clk 01:09:51]} {[%emt
00:02:26]} 21. Bxb3 {[%clk 00:27:52]} {[%emt 00:00:38]} Rad8 {[%clk 01:08:12]}
{[%emt 00:02:09]} 22. exd5 {[%clk 00:23:33]} {[%emt 00:04:48]} Bxd5 {[%clk
01:04:21]} {[%emt 00:04:22]} 23. Bxd5 {[%clk 00:22:01]} {[%emt 00:02:01]} Rxd5
{[%clk 01:03:27]} {[%emt 00:01:24]} 24. Qc4 {[%clk 00:21:47]} {[%emt 00:00:43]}
Qb5 {[%clk 00:34:21]} {[%emt 00:29:38]} 25. Qxb5 {[%clk 00:15:45]} {[%emt
00:06:31]} Rxb5 {[%clk 00:32:34]} {[%emt 00:02:17]} 26. b4 {[%clk 00:15:19]}
{[%emt 00:00:57]} Rc8 {[%clk 00:32:39]} {[%emt 00:00:25]} 27. Nf5 {[%clk
00:13:53]} {[%emt 00:01:55]} Bf8 {[%clk 00:27:11]} {[%emt 00:05:59]} 28. Rc1
{[%clk 00:13:27]} {[%emt 00:00:56]} Kh7 {[%clk 00:26:21]} {[%emt 00:01:20]} 29.
Red1 {[%clk 00:12:07]} {[%emt 00:01:49]} Rd5 30. Rxd5 Nxd5 31. Bd2 g6 32. Ne3
Nf4 33. Kf1 f5 34. Ra1 Rc6 35. Ke1 e4 36. Ra3 Bg7 37. Kf1 Kg8 38. Nd1 Nd5 39.
Ke2 Kf7 40. f3 exf3+ 41. Kxf3 g5 42. g4 f4 43. Be1 Ke6 44. Bd2 Be5 45. Be1 Nc7
46. Nb2 Nd5 47. Ra1 Bxc3 48. Bxc3 Rxc3+ 49. Ke4 Re3+ 0-1